Propuesta de implementación de diseño bioclimático modelos de viviendas de interés social, ubicado en la ciudad de Managua, Nicaragua
El siguiente trabajo monográfico tiene como objetivo analizar la situación de las viviendas de interés social en la urbanización san Miguel ubicada en ciudad Sandino, Managua, identificando problemas existentes en cuanto a su confort térmico y ambiental, para posteriormente proponer criterios d...
| Main Authors: | , |
|---|---|
| Other Authors: | |
| Format: | Tesis Section = Libro |
| Language: | Undetermined Spanish |
| Published: |
Managua
UNI
2023
|
| Subjects: |
| LEADER | 01349nam a2200253Ia 4500 | ||
|---|---|---|---|
| 008 | 240830s9999 xx 000 0 und d | ||
| 040 | |a BIBLIOTECA-RUSB/ Mon 720.47 F363 | ||
| 041 | |a spa | ||
| 082 | |a Mon 720.47 F363 | ||
| 100 | 1 | |a Fernández Thomas, Kelly Alexandra | |
| 100 | 1 | |b Flores Muñoz, Cindy Roxana | |
| 245 | 1 | 0 | |a Propuesta de implementación de diseño bioclimático modelos de viviendas de interés social, ubicado en la ciudad de Managua, Nicaragua |
| 260 | |a Managua |b UNI |c 2023 | ||
| 300 | |a 90 p. :il. | ||
| 500 | |a Contiene: anexos y CD | ||
| 502 | |a Tesis (Arquitecto) - UNI, 2023. | ||
| 520 | 3 | |a El siguiente trabajo monográfico tiene como objetivo analizar la situación de las viviendas de interés social en la urbanización san Miguel ubicada en ciudad Sandino, Managua, identificando problemas existentes en cuanto a su confort térmico y ambiental, para posteriormente proponer criterios de diseño bioclimático que permitan mejorar estas condiciones y contribuir a la creación de espacios habitables y sostenibles. | |
| 650 | 7 | |a ARQUITECTURA BIOCLIMATICA - VIVIENDA DE INTERÉS SOCIAL | |
| 650 | 7 | |b CONSTRUCCIÓN DE VIVIENDAS DE INTERÉS SOCIAL | |
| 650 | 7 | |c ARQUITECTURA - DISEÑOS Y PLANOS | |
| 700 | 1 | |a Tutor: |b Treminio Sandoval, Juan Pablo | |
| 942 | |c BK |2 ddc | ||
| 991 | |a TESIS | ||
| 999 | |c 27756 | ||